000 01181nam a2200373Ia 4500
001 039975
008 221003m2014 xx 000 0 spa d
035 _aCENDO_30048
041 _aspa
245 0 _a<La> evolución del Primero de Mayo en imágenes
260 _aZaragoza :
_bUS de CCOO de Aragón,
_c2014
300 _a1 p. ;
_c 30 cm
500 _aEn: Trabajo Sindical Digital, n. 49 (abril 2014), p. 4
650 _aSINDICALISMO
_9189
650 0 _aDERECHOS DE LOS TRABAJADORES
_94
650 _aCONFLICTO SOCIAL
_9368
650 _aHISTORIA
_926
650 _aFOTOGRAFIA
_91635
650 _aMOVIMIENTO OBRERO
_9970
650 _aDERECHOS ECONOMICOS Y SOCIALES
_9302
650 0 _aCOMUNIDADES AUTONOMAS
_9344
650 _aARAGON
_92165
650 0 _aACTITUD SINDICAL
_961
710 _aCCOO
_bUnión Sindical de Aragón,
_eed.
_915918
856 _zPDF
_uhttp://docpublicos.ccoo.es/cendoc/039975EvolucionPrimeroMayo.pdf
901 _a0
903 _aNO
904 _a000
907 _aPrimero de Mayo
953 _d2014-05-20
_yDOCU_ELEC
_hTrabajo Sindical Digital, n. 49 (abril 2014), p. 4
_tPS33
999 _c30047
_d30047
910 _a2014
942 _cDOCU_ELEC